Annuaire de la finance (Record no. 160621)

MARC details
000 -LEADER
campo de control de longitud fija 00887nam a22002295i 4500
001 - NÚMERO DE CONTROL
campo de control 160621
003 - IDENTIFICADOR DE NÚMERO DE CONTROL
campo de control ES-MaACL
005 - FECHA Y HORA DE LA ÚLTIMA TRANSACCIÓN
campo de control 20230906212105.0
008 - DATOS DE LONGITUD FIJA--INFORMACIÓN GENERAL
campo de control de longitud fija 040930s1894 fr ac |||| | fre d
040 ## - FUENTE DE CATALOGACIÓN
Centro catalogador/agencia de origen CAM
Lengua de catalogación spa
Centro/agencia transcriptor CAM
100 1# - ENTRADA PRINCIPAL--NOMBRE DE PERSONA
Nombre de persona Neu, Justin.
9 (RLIN) 130445
245 10 - MENCIÓN DEL TÍTULO
Título Annuaire de la finance
Resto del título : banque, bourse et professions qui s'y rattachent /
Mención de responsabilidad, etc. par Justin Neu.
260 ## - PUBLICACIÓN, DISTRIBUCIÓN, ETC.
Lugar de publicación, distribución, etc. Paris :
Nombre del editor, distribuidor, etc. Société An\pme\s de l'Anuuaire de la Finance,
Fecha de publicación, distribución, etc. [s.a.]
300 ## - DESCRIPCIÓN FÍSICA
Extensión v. ;
Dimensiones 22 cm.
505 8# - NOTA DE CONTENIDO CON FORMATO
Nota de contenido con formato Année 1894 (720 p., [1] h. lám.)
650 04 - PUNTO DE ACCESO ADICIONAL DE MATERIA--TÉRMINO DE MATERIA
Término de materia o nombre geográfico como elemento de entrada Economía-
Subdivisión geográfica Francia-
Subdivisión cronológica 1894-
9 (RLIN) 227295
650 04 - PUNTO DE ACCESO ADICIONAL DE MATERIA--TÉRMINO DE MATERIA
Término de materia o nombre geográfico como elemento de entrada Finanzas internacionales-
Subdivisión cronológica 1894.
9 (RLIN) 223372
655 #7 - TERMINO DE INDIZACIÓN--GENERO/FORMA
Datos o término principal de género/forma Anuarios
9 (RLIN) 226822
Fuente del término tgfbne
852 ## - LOCALIZACIÓN
Ubicación ES-MaACL
Número de control de estantería C-3246
Nota libre -- Enc. ed. en tela roja con hierros dorados : "A. Lenegre, relieur, Paris"
-- -- PP. de publicidad en hh. de guarda
942 ## - ELEMENTOS DE ENTRADA SECUNDARIOS (KOHA)
Fuente del sistema de clasificación o colocación Clasificación decimal universal
Holdings
Estatus retirado Estado de pérdida Estado de daño No para préstamo Biblioteca de origen Biblioteca actual Ubicación en estantería Fecha de adquisición Fuente de adquisición Total de préstamos Signatura topográfica completa Código de barras Visto por última vez Precio de reemplazo Tipo de ítem Koha
        Biblioteca del Ateneo de Madrid Biblioteca del Ateneo de Madrid Sala Palomar 17/01/2008     C-3246 1168182 23/02/2023 23/02/2023 Libro impreso